|
|
|
|
| LEADER |
00000naa2a2200000 4500 |
| 001 |
56099 |
| 005 |
20240724115909.0 |
| 035 |
|
|
|a (RuTPU)RU\TPU\book\58890
|
| 035 |
|
|
|a RU\TPU\book\58887
|
| 090 |
|
|
|a 56099
|
| 100 |
|
|
|a 20030924d2000 k y0rusy50 ca
|
| 101 |
0 |
|
|a rus
|
| 102 |
|
|
|a RU
|
| 200 |
1 |
|
|a Вопросы теории и практики совершенствования корпоративной культуры и имиджа ОАО "Востокгазпром"
|f Н. П. Кириллов
|
| 463 |
|
1 |
|0 (RuTPU)RU\TPU\book\15283
|y 5-93629-020-4
|t Проблемы и пути эффективного освоения минерально-сырьевых ресурсов Сибири и Дальнего Востока
|o материалы Юбилейной научно-практической конференции, Томск, 16-18 мая 2000 г.
|f Востокгазпром ; под ред. С. А. Жвачкина
|v С. 125-126
|d 2000
|p 347 с.
|
| 610 |
1 |
|
|a труды учёных ТПУ
|
| 675 |
|
|
|a 553(57)
|v 3
|
| 675 |
|
|
|a 622.267(067)
|v 3
|
| 700 |
|
1 |
|a Кириллов
|b Н. П.
|c российский философ
|c доктор философских наук, профессор Томского политехнического университета
|c член-корреспондент Сибирского отделения Академии наук высшей школы
|c академик Академии проблем качества РФ
|f 1939-
|g Николай Петрович
|3 (RuTPU)RU\TPU\pers\21962
|9 9281
|
| 801 |
|
1 |
|a RU
|b 63413507
|c 20030924
|g PSBO
|
| 801 |
|
2 |
|a RU
|b 63413507
|c 20111124
|g PSBO
|
| 942 |
|
|
|c BK
|